| 000 | 00364nam a2200145 a 4500 | ||
|---|---|---|---|
| 001 | 3726 | ||
| 003 | CDMR | ||
| 005 | 20130116135248.0 | ||
| 008 | 130130s1996||||||||||||||||||||||||||||d | ||
| 040 |
_aCDMR _bcat _cCPC LLEIDA |
||
| 100 | 1 |
_aObiols, Víctor _92652 |
|
| 245 | 1 | 0 |
_aVersos i contracants _cOBIOLS, Víctor |
| 260 |
_aBarcelona _c1996 _bEdicions 62 |
||
| 942 | _cMON | ||
| 999 |
_c3726 _d3726 |
||